Normal view
MARC view
Entry Geographic Name
001 - CONTROL NUMBER
- control field: 43092
003 - CONTROL NUMBER IDENTIFIER
- control field: dpl
005 - DATE AND TIME OF LATEST TRANSACTION
- control field: 20120227150713.0
008 - FIXED-LENGTH DATA ELEMENTS
- fixed length control field: 120227|||a|||||| | ||| d
040 ## - CATALOGING SOURCE
- Original cataloging agency: dpl
- Transcribing agency: dpl
151 ## - HEADING--GEOGRAPHIC NAME
- Geographic name: India
- General subdivision: Economic conditions
- Chronological subdivision: 1991-
670 ## - SOURCE DATA FOUND
- Source citation: Work cat.: (dpl): Halve, Anand Bhaskar, 1955- 43088, Darwin’s brands :, 2012
670 ## - SOURCE DATA FOUND
- Source citation: Work cat.: (dpl): Halve, Anand Bhaskar, 1955- 43088, Darwin’s brands :, 2012
